| 000 | 00646nam a2200169 a 4500 | ||
|---|---|---|---|
| 001 | BRCA_1583 | ||
| 005 | 20190320203457.0 | ||
| 008 | 141105s1985----mx-a---###---#000-0#spa-d | ||
| 020 | _a9688374776 | ||
| 050 | 4 |
_aN6559 _b.S46 1985 |
|
| 245 | 1 | 0 |
_aSemblanzas _bel Instituto de Investigaciones Estéticas en su quincuagésimo aniversario, rinde homenaje a sus fundadores y a sus miembros desaparecidos. |
| 260 |
_aMéxico _bUNAM, Instituto de Investigaciones Estéticas _c1985 |
||
| 300 |
_a93 p. _bil. _c23 cm. |
||
| 500 | _aInstituto de Investigaciones Estéticas : cincuenta años 1935-1985 | ||
| 650 | 1 | 4 |
_aArtistas mexicanos _95036 |
| 942 |
_2lcc _cB |
||
| 999 |
_c1411 _d1411 |
||